| 000 | 00938nam a2200241 a 4500 | ||
|---|---|---|---|
| 003 | CBULib | ||
| 005 | 20240513090614.0 | ||
| 008 | 080915s2007 ||||||||||||||||| || u | ||
| 040 |
_aCBULib _bEnglish _cCBULib _dCBULib _erda |
||
| 050 | _aUN-ECE(02)2007/15 | ||
| 110 | _aUnited Nations Economic and Social Affairs (UNESA) | ||
| 245 | 1 | 0 |
_aFinancing innovative development: comparative review of the experiences of UNECE countries in early-stage financing _c/by United Nations Economic Commission for Europe (UNECE) |
| 260 |
_aNew York _bUNITED NATIONS _c2007 |
||
| 300 | _aix, 106pages. illustrations | ||
| 336 |
_2rdacontent _aText | _btxt |
||
| 337 |
_2rdamedia _aUnmediated | _bn |
||
| 338 |
_2rdacarrier _aVolume _bnc |
||
| 650 | _aBUSINESS ENTERPRISES--FINANCE | ||
| 650 | _aVENTURE CAPITAL | ||
| 650 | _aCAPITAL INVESTMENTS | ||
| 942 |
_2mc _c029 |
||
| 999 |
_c43472 _d43472 |
||